000 01103nam a2200265 a 4500
001 BRCA_1111
005 20190320203302.0
008 910110s1991 txua---##b---#000-0#eng-#
020 _a0935937102
040 _aDLC
_cDLC
_dDLC
050 4 _aND1432.5
_b.G54 1991
100 1 _aGiffords, Gloria Fraser
_d1938-
_93667
245 1 0 _aThe Art of Private Devotion
_bRetablo Painting of Mexico
_cprincipal essay and catalogue by Gloria Fraser Giffords ; with accompanying essays by Yvonne Lange, Virginia Amella de Aspe and Mercedes Meade.
260 _aDallas
_bMeadows Museum : Southern Methodist University
_c1991
300 _a126 p.
_bil. (algunas a color)
_c30 cm.
504 _aIncluye referencias bibliográficas
650 1 4 _aPintura mexicana
_vExposiciones
_93668
650 1 4 _aArte cristiano y simbolismo
_vExposiciones
_zMéxico
_92120
650 1 4 _aArte popular
_xHistoria
_ySiglos XIX y XX
_zMéxico
_93669
650 1 4 _aExvotos en arte
_vExposiciones
_93670
700 1 _aLang, Yvonne
_93671
700 1 _aArmella de Aspe, Virginia
_92324
700 1 _aMeade de Angulo, Mercedes
_9281
942 _2lcc
_cB
999 _c990
_d990